000 00273 a2200145 4500
001 64190
020 _a9788576592860
040 _cAnchieta - Pituba
240 1 0 _aLogman
_leng
245 1 0 _aLogman
300 _a770
362 0 _a2008
650 4 _aInglesas
942 _cBK
999 _c64190
_d64190